#1 Hip-Hop/R&B Songs of the 2010's - Statistics

General Stats
  • This quiz has been taken 548 times
    523 since last reset
  • The average score is 60 of 85
Answer Stats
Year Weeks Song Arist % Correct
2018 11 In My Feelings Drake
98%
2018 8 Nice for What Drake
98%
2018 11 God's Plan Drake
98%
2016 18 One Dance Drake
98%
2016 1 Summer Sixteen Drake
98%
2015/2016 11 Hotline Bling Drake
98%
2013 5 Hold On, We're Going Home Drake
98%
2012 2 The Motto Drake
98%
2012 3 Make Me Proud Drake
98%
2015 7 FourFiveSeconds Paul McCartney / Rihanna / Kanye West
98%
2019 1 Heartless The Weeknd
97%
2016/2017 7 Starboy The Weeknd
97%
2015 6 The Hills The Weeknd
97%
2015 9 Can't Feel My Face The Weeknd
97%
2015 2 Earned It (Fifty Shades of Grey) The Weeknd
97%
2019 1 Wow Post Malone
96%
2018 1 Psycho Post Malone
96%
2017/2018 14 Rockstar Post Malone
96%
2019 11 Sunflower (Spider-Man: Into the Spider-Verse) Post Malone / Swae Lee
96%
2019 20 Old Town Road Lil Nas X
95%
2018 1 Finesse Bruno Mars / Cardi B
94%
2011 7 Ni**as in Paris Jay-Z / Kanye West
94%
2017 2 Humble. Kendrick Lamar
94%
2019 1 HIGHEST IN THE ROOM Travis Scott
94%
2018/2019 10 Sicko Mode Travis Scott
94%
2012 5 Mercy Kanye West / Big Sean / Pusha T / 2 Chainz
92%
2016 2 Needed Me Rihanna
92%
2016 11 Work Rihanna
92%
2012/2013 14 Diamonds Rihanna
92%
2018 1 I Like It Cardi B
90%
2017 6 Bodak Yellow (Money Moves) Cardi B
90%
2018 2 Lucid Dreams Juice WRLD
90%
2014 1 Only Nicki Minaj
90%
2014 6 Anaconda Nicki Minaj
90%
2011 5 Moment 4 Life Nicki Minaj
90%
2013 7 Can't Hold Us Macklemore / Ryan Lewis
89%
2013 14 Thrift Shop Macklemore / Ryan Lewis
89%
2018 1 Sad! XXXTentacion
85%
2015 14 See You Again Wiz Khalifa
84%
2018 2 This Is America Childish Gambino
81%
2014 12 Happy Pharrell Williams
81%
2017 10 That's What I Like Bruno Mars
80%
2017 7 Wild Thoughts DJ Khaled
80%
2017 6 I'm the One DJ Khaled
80%
2011 11 I'm on One DJ Khaled
80%
2017 10 Bad and Boujee Migos
80%
2016 2 Panda Desiigner
76%
2013/2014 13 The Monster Eminem
72%
2014 3 All of Me John Legend
71%
2014 1 7/11 Beyonce
69%
2014 1 Drunk in Love Beyonce
69%
2012 7 Love on Top Beyonce
69%
2019 4 Good as Hell Lizzo
69%
2019 11 Truth Hurts Lizzo
69%
2016/2017 7 Black Beatles Rae Sremmurd
69%
2013 16 Blurred Lines Robin Thicke
67%
2010 2 Sex Therapy Robin Thicke
67%
2018 1 Zeze Kodak Black
65%
2014 5 Black Widow Iggy Azalea
64%
2014 13 Fancy Iggy Azalea
64%
2014/2015 8 I Don't F**k with You Big Sean
60%
2011 1 Marvin & Chardonnay Big Sean
60%
2018 1 Mona Lisa Lil Wayne
58%
2011 4 She Will Lil Wayne
58%
2011 8 Look at Me Now Chris Brown
48%
2010 9 Deuces Chris Brown
48%
2016 1 Broccoli D.R.A.M.
47%
2019/2020 2 Roxanne Arizona Zervas
46%
2012 4 Adorn Miguel
39%
2011 1 Sure Thing Miguel
39%
2015 1 I Don't Mind Usher
36%
2012 11 Climax Usher
36%
2010 4 There Goes My Baby Usher
36%
2012 5 No Lie 2 Chainz
21%
2016 2 Here Alessia Cara
21%
2014 2 Hot Boy Bobby Shmurda
19%
2011/2012 5 Lotus Flower Bomb Wale
19%
2010 12 Un-Thinkable (I'm Ready) Alicia Keys
18%
2010/2011 13 Can't Be Friends Trey Songz
17%
2009/2010 2 I Invented Sex Trey Songz
17%
2011 7 Motivation Kelly Rowland
15%
2010 1 Say Something Timbaland
10%
2011 2 Fall for Your Type Jamie Foxx
9%
2010 9 It Kills Me Melanie Fiona
5%
2010 7 Everything to Me Monica
5%
No matching quizzes found
Score Distribution
Percent of People with Each Score
Percentile by Number Answered
Your Score History
You have not taken this quiz since the last reset